000 00418nam a2200145 i 4500
001 69727
003 ES-MaACL
005 20230906170608.0
007 t|
008 040709s1907 dr ||||1| spa d
100 1 _aGarcía Godoy, Federico.
_954688
245 1 0 _aPerfiles y relieves /
_cFederico García Godoy.
260 _aSanto Domingo :
_b[s.n.,
_c1907] (
_fImp. La Cuna de América)
852 _aES-MaACL
_jT-1173-F-4
999 _c69727
_d69727